skbl

Dr Suryya Kumar Bhuyan Library Web-OPAC
ডঃ সূৰ্য্য
কুমাৰ ভূঞা পুথিভঁৰাল ৱেব-অ'পেক

All Research Scholars are advised to clear the annual library fees to continue using Library Resources, Remote Access, Plagiarism Test and Library Clearance.

Cotton University Book Fair 2026

Madness and Civilization : A History of Insanity in the age of Reason (Record no. 58732)

MARC details
000 -LEADER
fixed length control field 00686nam a2200205Ia 4500
001 - CONTROL NUMBER
control field 58844
008 - FIXED-LENGTH DATA ELEMENTS--GENERAL INFORMATION
fixed length control field 150703n ii |||gr||||Z||||||465
020 ## - INTERNATIONAL STANDARD BOOK NUMBER
International Standard Book Number 978-0-415-25385-7
082 ## - DEWEY DECIMAL CLASSIFICATION NUMBER
Classification number 194
100 ## - MAIN ENTRY--PERSONAL NAME
Personal name Foucault,Michel ,
Relator term Author.
245 #0 - TITLE STATEMENT
Title Madness and Civilization : A History of Insanity in the age of Reason
Statement of responsibility, etc. Michel Foucault
Medium Textual Documents
250 ## - EDITION STATEMENT
Edition statement First.
260 ## - PUBLICATION, DISTRIBUTION, ETC.
Place of publication, distribution, etc. London &New York
Name of publisher, distributor, etc. Routledge Publishers
Date of publication, distribution, etc. 1967.
300 ## - PHYSICAL DESCRIPTION
Extent 282pg:
Other physical details Notes;
Dimensions 19cm.
653 ## - INDEX TERM--UNCONTROLLED
Uncontrolled term Philosophy
653 ## - INDEX TERM--UNCONTROLLED
Uncontrolled term Madness and Civilization : A History of Insanity in the age of Reason
653 ## - INDEX TERM--UNCONTROLLED
Uncontrolled term MS-Philosophy
856 ## - ELECTRONIC LOCATION AND ACCESS
Uniform Resource Identifier <a href="with an introduction by David Cooper">with an introduction by David Cooper</a>
942 ## - ADDED ENTRY ELEMENTS (KOHA)
Source of classification or shelving scheme Dewey Decimal Classification
Koha item type Books
Holdings
Withdrawn status Lost status Damaged status Not for loan Collection Home library Current library Shelving location Date acquired Coded location qualifier Cost, normal purchase price Total checkouts Full call number Barcode Date last seen Copy number Price effective from Koha item type
          Dr. Suryya Kumar Bhuyan Library Dr. Suryya Kumar Bhuyan Library   03/07/2015 00000 495.00   194 Fo 821 Ma 460/phil 14/01/2024 1 03/07/2015 Books

Designed and Maintained by Team SKBL
©1901-2026

Powered by Koha